Govt. of
Madhya Pradesh

ज्ञान चतुर्वेदी (Record no. 64714)

MARC details
000 -LEADER
fixed length control field 00335nam a2200109Ia 4500
008 - FIXED-LENGTH DATA ELEMENTS--GENERAL INFORMATION
fixed length control field 221009s9999 xx 000 0 und d
082 ## - DEWEY DECIMAL CLASSIFICATION NUMBER
Classification number 800 CHA
100 ## - MAIN ENTRY--PERSONAL NAME
Personal name चतुर्वेदी ज्ञान
9 (RLIN) 42780
245 #0 - TITLE STATEMENT
Title ज्ञान चतुर्वेदी
260 ## - PUBLICATION, DISTRIBUTION, ETC. (IMPRINT)
Name of publisher, distributor, etc. समांतर प्रकाशन
942 ## - ADDED ENTRY ELEMENTS (KOHA)
Koha item type Books

No items available.